Kings Of Leon - Sex on Fire full lyrics - Statistics

General Stats
  • This quiz has been taken 90 times
  • The average score is 84 of 131
Answer Stats
Answer % Correct
I
100%
Fire
96%
Is
96%
On
96%
Sex
96%
A
93%
You
93%
Your
93%
The
91%
You're
87%
Where
85%
Know
83%
Make
83%
Don't
78%
Sound
78%
Watching
78%
Lay
76%
Laying
76%
They're
76%
All
70%
It
63%
People
63%
Of
61%
Talking
61%
Commotion
59%
Transpire
59%
Just
57%
I'm
54%
To
54%
And
48%
With
48%
Could
46%
Dying
46%
Has
46%
We're
46%
Day
43%
Feels
43%
Like
43%
Oh
43%
Are
41%
Taste
41%
While
41%
As
39%
Driving
39%
It's
39%
Head
37%
Open
37%
Play
37%
What's
37%
Consumed
35%
Greatest
35%
Alley
33%
Breaking
33%
Knuckles
33%
Lips
33%
Not
33%
Soft
33%
Still
33%
Tonight
33%
Dark
30%
Forever
30%
If
30%
Kiddie
30%
Pale
30%
Bones
28%
Fever
28%
Hot
28%
Rattle
15%
No matching quizzes found
Score Distribution
Percent of People with Each Score
Percentile by Number Answered
Your Score History
You have not taken this quiz